[Event "GER Seniors Derby 06th"]
[Site "Wesel Undeloh"]
[Date "2007.04.13"]
[Round "3.6"]
[White "Raessler, Arndt"]
[Black "Heckwolf, Manfred"]
[Result "1/2-1/2"]
[WhiteElo "1870"]
[BlackElo "1859"]
[PlyCount "43"]
[EventDate "2007.04.12"]
[EventType "swiss"]
[EventRounds "7"]
[EventCountry "GER"]
[SourceTitle "EXT 2022"]
[Source "ChessBase"]
[SourceDate "2021.10.06"]
[SourceVersion "1"]
[SourceVersionDate "2021.10.06"]
[SourceQuality "1"]

1. d4 d5 2. Nf3 Nf6 3. Bf4 Bf5 4. Nbd2 e6 5. c3 Bd6 6. Bxd6 Qxd6 7. e3 0-0 8. Be2 Ne4 9. 0-0 Nd7 10. c4 c5 11. cxd5 exd5 12. dxc5 Ndxc5 13. Nd4 Bd7 14. N2f3 a6 15. Nb3 Ba4 16. Nfd4 Rfd8 17. Bd3 Nxb3 18. axb3 Bd7 19. Qe2 g6 20. Rfc1 Rac8 21. Qe1 f5 22. Rxc8 1/2-1/2